000 00369nam a2200169Ia 4500
003 0STCL
008 150530s9999 xx 000 0 und d
040 _aSTCL
_cSTCL
100 _aAyyaneth
245 _aPorvilli
260 _bS.H.League;Alwaye
_c1953
_aAlwaye
300 _a0
546 _aMalayalam
942 _2ddc
_cBK
999 _c50065
_d50065
005 20220125170813.0